000 00496nam a2200181Ia 4500
005 20250508162203.0
008 008 250505s9999 xx 000 0 eng d
037 _aTextual
040 _aFEDL
_beng
_cFEDL
041 _aeng
_2eng
084 _a372.6, WIL
_qFEDL
100 _aWilkinson Andrew
_966274
245 0 _aLanguage and education
260 _aLondon, UK
_bOxford University Press
_c1975
300 _a239p.
942 _cTEXL
_h372.6, WIL
999 _c1374907
_d1374907